000310857 001__ 310857
000310857 005__ 20240928181558.0
000310857 0247_ $$aG:(GEPRIS)58733678$$d58733678
000310857 035__ $$aG:(GEPRIS)58733678
000310857 040__ $$aGEPRIS$$chttp://gepris.its.kfa-juelich.de
000310857 150__ $$aFOR 1041: Germ cell potential$$y2008 - 2015
000310857 371__ $$aProfessor Dr. Jörg Gromoll
000310857 450__ $$aDFG project G:(GEPRIS)58733678$$wd$$y2008 - 2015
000310857 5101_ $$0I:(DE-588b)2007744-0$$aDeutsche Forschungsgemeinschaft$$bDFG
000310857 680__ $$aIn der ortsverteilten Forschergruppe wird das Potenzial von Keimzellen hinsichtlich assistierter Reproduktionsverfahren untersucht. Das Konzept der Forschergruppe verbindet Stammzellforschung mit Reproduktionsmedizin und -biologie. Durch innovative Technologien wie z.B. Kultivierung und Reifung von Keimzellen in vitro soll das Keimzellpotenzial sowohl auf weiblicher als auch männlicher Seite definiert werden. Ein wissenschaftlicher Schwerpunkt liegt hierbei auf dem Einfluss von genetischen und epigenetischen Determinanten auf die Keimzellentwicklung. Innerhalb der Forschergruppe werden Erkenntnisse aus etablierten Tiermodellen (Maus, Rind, Affe) und klinischen Studien vereint. Durch die Zusammenarbeit von Grundlagenwissenschaftlerinnen und Grundlagenwissenschaftlern sowie Klinikerinnen und Klinikern aus Münster, Bielefeld, Essen, Göttingen, Hamburg, Hannover, Lübeck und München erhoffen wir uns wesentliche Fortschritte in folgenden Bereichen: (1) Identifizierung von genetischen, epigenetischen und biochemischen Faktoren, die an der Keimzellreifung beteiligt sind, (2) Etablierung von pluripotenten Stammzellen aus männlichen Keimzellen, (3) Etablierung von Protokollen zur in-vitro-Reifung von menschlichen Eizellen und (4) Überprüfung der Sicherheit der angewandten Methoden im Bereich der assistierten Reproduktion in klinischen Follow-up-Studien.
000310857 909CO $$ooai:juser.fz-juelich.de:977732$$pauthority$$pauthority:GRANT
000310857 909CO $$ooai:juser.fz-juelich.de:977732
000310857 980__ $$aG
000310857 980__ $$aAUTHORITY